| 000 | nam a22 7a 4500 | ||
|---|---|---|---|
| 999 |
_c29939 _d29939 |
||
| 008 | 181109b xxu||||| |||| 00| 0 eng d | ||
| 020 | _a9789966259943 | ||
| 050 |
_aHQ1796 .M86 2017 _b.M86 2017 |
||
| 100 | _aMungai Evelyn. | ||
| 245 |
_aFrom glass ceilings to open skies/ _cEvelyn Mungai |
||
| 260 |
_aKenya : _bCreativeeve, _c2017. |
||
| 300 |
_a381p. : _bIll . ; _c20cm. |
||
| 650 | _aleadership in women | ||
| 942 |
_2lcc _cBOOKS _hHQ1796 .M86 2017 _03 |
||